[Event "VII Festival A"]
[Site "Trieste ITA"]
[Date "2005.09.03"]
[Round "1"]
[White "Brunello, Sabino"]
[Black "Cozzarin, Davide"]
[Result "1-0"]
[WhiteElo "2373"]
[BlackElo "1646"]
[PlyCount "96"]
[EventDate "2005.09.03"]

1.e4 c5 2.Nf3 d6 3.d4 cxd4 4.Nxd4 Nf6 5.Nc3 g6 6.Be3 Bg7 7.f3 Nc6 8.Qd2 
O-O 9.Bc4 Na5 10.Bb3 Nxb3 11.axb3 a6 12.Bh6 b5 13.Bxg7 Kxg7 14.Ndxb5 Bb7 
15.Nd4 Qb6 16.h4 Rfd8 17.O-O-O e5 18.Nf5+ gxf5 19.Qg5+ Kf8 20.Qxf6 f4 21.
Kb1 Rac8 22.g3 fxg3 23.Rhg1 Qf2 24.Rdf1 Qh2 25.Qg5 Qh3 26.Rd1 g2 27.Rxg2 
Qxf3 28.Qh6+ Ke7 29.Rgg1 Qf6 30.Qe3 h6 31.Rgf1 Qxh4 32.Rf2 Rd7 33.Rdf1 Rf8
34.Qd3 Qg4 35.Rf6 h5 36.Nd5+ Bxd5 37.Qxd5 Qg7 38.R6f5 Qg6 39.c4 Qe6 40.Qd2
Qg6 41.c5 f6 42.Qf2 h4 43.Qxh4 dxc5 44.Rxe5+ Kd6 45.Ref5 Rh7 46.Qf4+ Kc6 
47.Qe3 Rc7 48.Qxc5+ Kb7 1-0

[Event "VII Festival A"]
[Site "Trieste ITA"]
[Date "2005.09.03"]
[Round "1"]
[White "Costariol, Mario"]
[Black "Padjen, Zdenko"]
[Result "0-1"]
[WhiteElo "1503"]
[BlackElo "2068"]
[PlyCount "72"]
[EventDate "2005.09.03"]

1.e4 Nf6 2.e5 Nd5 3.d4 d6 4.c4 Nb6 5.exd6 cxd6 6.Bd3 Nc6 7.Ne2 e5 8.d5 Nb4
9.Nbc3 Nxd3+ 10.Qxd3 Be7 11.O-O O-O 12.f4 f5 13.fxe5 dxe5 14.b3 f4 15.Ne4 
Bf5 16.Bb2 Qe8 17.N2c3 Bc5+ 18.Kh1 Nd7 19.Qf3 Qg6 20.Rae1 Be3 21.h3 h5 22.
Ba3 Bg4 23.hxg4 hxg4 24.Qxe3 fxe3 25.Bxf8 Rxf8 26.Rxf8+ Kxf8 27.g3 Nf6 28.
Nc5 Qf5 29.Rg1 Qc2 30.Nd1 e2 31.Ne3 Qc3 32.Ng2 Qxg3 33.Re1 Qh3+ 34.Kg1 g3 
35.Rxe2 Qh2+ 36.Kf1 Qh1# 0-1

[Event "VII Festival A"]
[Site "Trieste ITA"]
[Date "2005.09.03"]
[Round "1"]
[White "Decleva, Gianni"]
[Black "Nedimovic, Ljubisa"]
[Result "0-1"]
[WhiteElo "1611"]
[BlackElo "2217"]
[PlyCount "72"]
[EventDate "2005.09.03"]

1.e4 e6 2.d4 d5 3.Nd2 Nf6 4.e5 Nfd7 5.Ngf3 c5 6.dxc5 Nc6 7.Nb3 Ndxe5 8.
Nxe5 Nxe5 9.Bf4 Ng6 10.Bb5+ Bd7 11.Bxd7+ Qxd7 12.Be3 e5 13.c3 f5 14.f3 Be7
15.Qd2 f4 16.Bf2 O-O 17.O-O-O Rfd8 18.Rhe1 a5 19.h4 a4 20.Na1 Qc7 21.h5 
Nf8 22.Qd3 Bf6 23.Nc2 Rd7 24.Qf5 h6 25.Rg1 Rad8 26.g4 Rf7 27.Qd3 Ne6 28.
Qb5 Ng5 29.Qe2 e4 30.fxe4 dxe4 31.Rxd8+ Qxd8 32.Bh4 Qd5 33.Rd1 Qxa2 34.
Bxg5 Bxg5 35.Qxe4 f3+ 36.Ne3 f2 0-1

[Event "VII Festival A"]
[Site "Trieste ITA"]
[Date "2005.09.03"]
[Round "1"]
[White "Efimov, Igor"]
[Black "Pasquotto, Mirko"]
[Result "1-0"]
[WhiteElo "2401"]
[BlackElo "1814"]
[PlyCount "45"]
[EventDate "2005.09.03"]

1.d4 Nf6 2.c4 g6 3.Nc3 Bg7 4.e4 d6 5.f3 O-O 6.Bg5 Nbd7 7.Qd2 c5 8.Nge2 a6 
9.d5 Rb8 10.a4 Qa5 11.Ra3 Ne5 12.Nc1 Re8 13.Be2 Qc7 14.O-O e6 15.f4 Ned7 
16.e5 dxe5 17.d6 Qb6 18.fxe5 Nh5 19.a5 Qa7 20.Bxh5 gxh5 21.Bh6 Nxe5 22.
Bxg7 Kxg7 23.Qf4 1-0

[Event "VII Festival A"]
[Site "Trieste ITA"]
[Date "2005.09.03"]
[Round "1"]
[White "Fercec, Nenad"]
[Black "Milinkovic, Zdravko"]
[Result "1-0"]
[WhiteElo "2500"]
[BlackElo "1980"]
[PlyCount "101"]
[EventDate "2005.09.03"]

1.e4 c5 2.Nf3 Nc6 3.d4 cxd4 4.Nxd4 e5 5.Nb5 d6 6.N1c3 a6 7.Na3 Be7 8.Nc4 
Be6 9.Be3 b5 10.Nb6 Rb8 11.Nbd5 Nf6 12.Nxf6+ Bxf6 13.Nd5 Bxd5 14.Qxd5 Ne7 
15.Qb3 O-O 16.Be2 d5 17.exd5 Qxd5 18.O-O e4 19.Rfd1 Qc6 20.c3 Ng6 21.Rd5 
Rfd8 22.Rxd8+ Rxd8 23.a4 Rb8 24.axb5 axb5 25.Ra5 b4 26.cxb4 Be7 27.b5 Qd6 
28.b6 Bd8 29.Ra7 Ne5 30.g3 Bxb6 31.Bxb6 h6 32.Bc5 Rxb3 33.Bxd6 Nf3+ 34.
Bxf3 exf3 35.Ra8+ Kh7 36.Ra3 Rb6 37.Bc5 Rxb2 38.Rxf3 f6 39.Rd3 Rc2 40.Be3 
h5 41.Rd7 Kg6 42.h3 Rc4 43.Kg2 h4 44.g4 Ra4 45.f4 Ra2+ 46.Rd2 Ra3 47.f5+ 
Kh7 48.Bf2 g5 49.Rd6 Kg7 50.Bd4 Rg3+ 51.Kh2 1-0

[Event "VII Festival A"]
[Site "Trieste ITA"]
[Date "2005.09.03"]
[Round "1"]
[White "Gergolet, Jan"]
[Black "Bosiocic, Marko"]
[Result "0-1"]
[WhiteElo "1575"]
[BlackElo "2121"]
[PlyCount "94"]
[EventDate "2005.09.03"]

1.e4 e5 2.Nf3 Nc6 3.d4 exd4 4.Nxd4 Bc5 5.Be3 Qf6 6.c3 Nge7 7.Be2 O-O 8.O-O
d5 9.Bf3 dxe4 10.Bxe4 Nxd4 11.Bxd4 Bxd4 12.Qxd4 Qxd4 13.cxd4 c6 14.Nc3 Bf5
15.f3 Rad8 16.Rad1 Be6 17.a3 Rd6 18.Ne2 Rfd8 19.Bc2 Nd5 20.Kf2 g5 21.g3 
Nc7 22.Rd2 c5 23.Rfd1 Bc4 24.Be4 b6 25.Rc1 Bxe2 26.Kxe2 Rxd4 27.Rxd4 Rxd4 
28.b4 Ne6 29.bxc5 Nxc5 30.Ke3 Ra4 31.Rc3 Nxe4 32.fxe4 Kg7 33.h3 Kf6 34.Kf3
Ke5 35.Re3 h5 36.g4 hxg4+ 37.Kxg4 Rxe4+ 38.Rxe4+ Kxe4 39.Kxg5 f5 40.h4 f4 
41.h5 f3 42.h6 f2 43.h7 f1=Q 44.h8=Q Qg1+ 45.Kh6 Qh1+ 46.Kg7 Qxh8+ 47.Kxh8
Kd4 0-1

[Event "VII Festival A"]
[Site "Trieste ITA"]
[Date "2005.09.03"]
[Round "1"]
[White "Grobovsek, Ivan"]
[Black "Landa, Konstantin"]
[Result "0-1"]
[WhiteElo "2000"]
[BlackElo "2609"]
[PlyCount "46"]
[EventDate "2005.09.03"]

1.e4 c5 2.Nf3 e6 3.d4 cxd4 4.Nxd4 a6 5.Nc3 Qc7 6.Bd3 Nf6 7.Bg5 b5 8.O-O 
Bb7 9.Qe2 Bd6 10.Nf3 Nc6 11.h3 h6 12.Be3 Ne5 13.Nxe5 Bxe5 14.f4 Bxc3 15.
bxc3 Nxe4 16.Bxe4 Bxe4 17.Bd4 d5 18.Rae1 f6 19.Qg4 Qf7 20.f5 e5 21.Bc5 Rc8
22.Bb4 a5 23.Bxa5 Qa7+ 0-1

[Event "VII Festival A"]
[Site "Trieste ITA"]
[Date "2005.09.03"]
[Round "1"]
[White "Gyorkos, Lajos"]
[Black "Grudina, Marco"]
[Result "1-0"]
[WhiteElo "2424"]
[BlackElo "1853"]
[PlyCount "73"]
[EventDate "2005.09.03"]

1.c4 c6 2.Nf3 Nf6 3.g3 g6 4.b3 Bg7 5.Bb2 O-O 6.Bg2 e6 7.O-O d5 8.d3 Nbd7 
9.Nbd2 Re8 10.d4 Nb6 11.Qc2 dxc4 12.bxc4 Nbd7 13.e4 Nf8 14.e5 N6d7 15.Ne4 
Qc7 16.Nd6 Rd8 17.Ng5 Nb6 18.Ngxf7 Rd7 19.Ng5 Bh6 20.Nge4 Bg7 21.a4 a5 22.
Qb3 Rd8 23.Bc1 h6 24.Rb1 Nbd7 25.c5 Rb8 26.Bh3 Kh7 27.Qf3 b6 28.Qf7 Kh8 
29.Qe7 Ba6 30.Bxh6 Bxh6 31.Nf7+ Kg7 32.Nxd8+ Kh8 33.Nf7+ Kg7 34.Nxh6+ Kxh6
35.Nf6 Bxf1 36.Ng8+ Kh5 37.g4# 1-0

[Event "VII Festival A"]
[Site "Trieste ITA"]
[Date "2005.09.03"]
[Round "1"]
[White "Lalic, Bogdan"]
[Black "Arcion, Riccardo"]
[Result "1-0"]
[WhiteElo "2491"]
[BlackElo "1958"]
[PlyCount "75"]
[EventDate "2005.09.03"]

1.c4 c5 2.Nf3 b6 3.Nc3 Nf6 4.e4 Bb7 5.e5 Ne4 6.Ne2 b5 7.cxb5 d6 8.Qa4 dxe5
9.Nxe5 Qd5 10.Nc4 Nd7 11.Qc2 Rd8 12.d3 Nef6 13.Nc3 Qf5 14.Ne3 Qg6 15.f4 e6
16.Be2 Be7 17.O-O O-O 18.Bf3 Bxf3 19.Rxf3 Nb6 20.f5 exf5 21.Nxf5 Rfe8 22.
Bd2 Bf8 23.Raf1 Re5 24.Ne4 Nbd5 25.Nxf6+ Nxf6 26.Bc3 Red5 27.Nh4 Qh5 28.
Bxf6 gxf6 29.Nf5 Re8 30.Qc4 Ree5 31.Rh3 Qe2 32.Qh4 h5 33.Rhf3 Rxf5 34.Rxf5
Rxf5 35.Rxf5 Bh6 36.Qxf6 Qe1+ 37.Rf1 Qe8 38.Qxh6 1-0

[Event "VII Festival A"]
[Site "Trieste ITA"]
[Date "2005.09.03"]
[Round "1"]
[White "Oblak, Mitja"]
[Black "Loncar, Robert"]
[Result "0-1"]
[WhiteElo "1688"]
[BlackElo "2390"]
[PlyCount "42"]
[EventDate "2005.09.03"]

1.d4 d5 2.c4 c6 3.cxd5 cxd5 4.Nc3 Nf6 5.Nf3 a6 6.e3 Nc6 7.Be2 Bf5 8.O-O e6
9.Nh4 Bg6 10.Re1 Bd6 11.Nxg6 hxg6 12.g3 Rc8 13.Bf3 O-O 14.a3 Qb6 15.Na4 
Qa7 16.b3 b5 17.Nb2 e5 18.dxe5 Bxe5 19.Rb1 Ne4 20.Bd2 Rfd8 21.Nd3 Bc3 0-1

[Event "VII Festival A"]
[Site "Trieste ITA"]
[Date "2005.09.03"]
[Round "1"]
[White "Pavasovic, Dusko"]
[Black "Samuelli, Daniele"]
[Result "1-0"]
[WhiteElo "2566"]
[BlackElo "1986"]
[PlyCount "119"]
[EventDate "2005.09.03"]

1.e4 e6 2.d4 d5 3.Nd2 c5 4.exd5 exd5 5.Ngf3 Nf6 6.Bb5+ Bd7 7.Qe2+ Qe7 8.
Ne5 cxd4 9.O-O Nc6 10.Nxd7 Nxd7 11.Qd1 Qf6 12.Re1+ Be7 13.Nf3 h6 14.Qe2 
Kf8 15.Bxc6 bxc6 16.Nxd4 Bc5 17.Nb3 Bb6 18.a4 Nc5 19.Nxc5 Bxc5 20.Rb1 a5 
21.Be3 d4 22.Bd2 g6 23.Qd3 Kg7 24.Re4 Rhd8 25.Rbe1 Rd7 26.Qh3 Re7 27.Qxh6+
Kg8 28.Rxe7 Bxe7 29.Qh3 Bd6 30.Qd3 Bc7 31.Re4 Rb8 32.b3 c5 33.g3 Rd8 34.h4
Qc6 35.Re1 Qd5 36.Bg5 Rc8 37.Qe4 Qxe4 38.Rxe4 Bd6 39.Kf1 Kg7 40.Bd2 Ra8 
41.Ke2 Kf6 42.Kd3 Kg7 43.Kc4 Bf8 44.g4 f5 45.gxf5 gxf5 46.Re6 Kf7 47.Rc6 
Re8 48.Kd3 Be7 49.Bg5 Bxg5 50.hxg5 Re5 51.f4 Re3+ 52.Kd2 Rf3 53.Rf6+ Kg7 
54.Rxf5 Rf2+ 55.Kd1 Rf3 56.Rxc5 Rxf4 57.Rxa5 Kg6 58.Rd5 Rg4 59.a5 Rg2 60.
Rxd4 1-0

[Event "VII Festival A"]
[Site "Trieste ITA"]
[Date "2005.09.03"]
[Round "1"]
[White "Punteri, Marco"]
[Black "Lazarev, Vladimir"]
[Result "0-1"]
[WhiteElo "1985"]
[BlackElo "2518"]
[PlyCount "54"]
[EventDate "2005.09.03"]

1.d4 c5 2.d5 g6 3.e4 Bg7 4.Nf3 Nf6 5.Nc3 O-O 6.Bc4 b5 7.Bxb5 Nxe4 8.Nxe4 
Qa5+ 9.Nc3 Bxc3+ 10.bxc3 Qxb5 11.Qd3 Ba6 12.Qxb5 Bxb5 13.Nd2 d6 14.Rb1 Ba6
15.f3 Nd7 16.Kf2 Nb6 17.Re1 Rfe8 18.c4 f5 19.h4 Kf7 20.h5 Bxc4 21.Nxc4 
Nxc4 22.hxg6+ hxg6 23.Rb7 Nb6 24.Re6 Rad8 25.c4 Rd7 26.Rxd7 Nxd7 27.Bg5 
Ne5 0-1

[Event "VII Festival A"]
[Site "Trieste ITA"]
[Date "2005.09.03"]
[Round "1"]
[White "Ramesa, Davor"]
[Black "Costariol, Elena"]
[Result "1-0"]
[WhiteElo "2172"]
[BlackElo "1605"]
[PlyCount "115"]
[EventDate "2005.09.03"]

1.c4 Nf6 2.Nc3 g6 3.e4 d6 4.d4 Bg7 5.Nf3 O-O 6.Be2 c5 7.O-O cxd4 8.Nxd4 
Nbd7 9.Be3 Nc5 10.f3 a6 11.Qd2 Qc7 12.b4 Ne6 13.Nb3 Bd7 14.Rac1 Rfd8 15.
Nd5 Nxd5 16.cxd5 Qb8 17.dxe6 Bxe6 18.Bc4 Bxc4 19.Rxc4 b5 20.Rc6 Qb7 21.
Rfc1 Qd7 22.Rc7 Qe6 23.Qd5 Qxd5 24.exd5 e6 25.dxe6 fxe6 26.Re7 Re8 27.
Rxe8+ Rxe8 28.Rc6 d5 29.Rxa6 e5 30.Nc5 d4 31.Bd2 Rc8 32.a4 bxa4 33.Rxa4 
Bf8 34.Ra5 Kf7 35.Kf2 Bxc5 36.Rxc5 Rxc5 37.bxc5 Ke6 38.Ke2 Kd5 39.Bb4 h6 
40.Kd3 h5 41.h4 Kc6 42.Ke4 Kb5 43.Kxe5 d3 44.Bd2 Kxc5 45.Ke4 Kd6 46.Kxd3 
Kd5 47.Ke3 Ke5 48.g4 hxg4 49.fxg4 Kf6 50.Ke4 Ke6 51.Bc3 Kf7 52.Kf4 Kg8 53.
Kg5 Kh7 54.h5 gxh5 55.gxh5 Kg8 56.Kg6 Kf8 57.h6 Kg8 58.h7+ 1-0

[Event "VII Festival A"]
[Site "Trieste ITA"]
[Date "2005.09.03"]
[Round "1"]
[White "Rozmann, Glauco"]
[Black "Cedriano, Filippo"]
[Result "0-1"]
[WhiteElo "1413"]
[BlackElo "2005"]
[PlyCount "58"]
[EventDate "2005.09.03"]

1.e4 c5 2.Nf3 g6 3.d3 Bg7 4.c3 Nc6 5.Be2 e6 6.Nbd2 Nge7 7.Nc4 O-O 8.Bf4 d5
9.exd5 exd5 10.Ncd2 Re8 11.O-O Nf5 12.Re1 Nd6 13.Nb3 b6 14.a4 a6 15.Bxd6 
Qxd6 16.Bf1 Bg4 17.Re3 Rxe3 18.fxe3 Re8 19.Kf2 Bh6 20.e4 Ne5 21.Nbd2 Qf6 
22.g3 Bxd2 23.Qxd2 Qxf3+ 24.Kg1 dxe4 25.Bg2 Qxd3 26.Qe1 Nf3+ 27.Bxf3 Bxf3 
28.Ra3 Rd8 29.c4 Qc2 0-1

[Event "VII Festival A"]
[Site "Trieste ITA"]
[Date "2005.09.03"]
[Round "1"]
[White "Tonel, Giulia"]
[Black "Videki, Sandor"]
[Result "0-1"]
[WhiteElo "1793"]
[BlackElo "2394"]
[PlyCount "48"]
[EventDate "2005.09.03"]

1.e4 c5 2.Nf3 d6 3.d3 Nc6 4.g3 g6 5.Bg2 Bg7 6.O-O Nf6 7.c3 O-O 8.Na3 Rb8 
9.Nc2 b5 10.Qe2 b4 11.d4 bxc3 12.bxc3 Qa5 13.Bd2 Qa4 14.Rfc1 Rb2 15.d5 Na5
16.Nfe1 Nc4 17.f3 Ba6 18.Qd1 Nd7 19.Nd3 Rb7 20.Bf1 Rfb8 21.Kf2 Ndb6 22.Ne3
Qxd1 23.Rxd1 Nxd2 24.Rxd2 Bxc3 0-1

[Event "VII Festival A"]
[Site "Trieste ITA"]
[Date "2005.09.03"]
[Round "1"]
[White "Varini, Massimo"]
[Black "Devetak, Robert"]
[Result "1-0"]
[WhiteElo "2080"]
[BlackElo "1539"]
[PlyCount "63"]
[EventDate "2005.09.03"]

1.d4 d5 2.c4 e6 3.Nc3 Nf6 4.Bg5 Nbd7 5.cxd5 exd5 6.Nf3 c6 7.e3 Qa5 8.Nd2 
Bb4 9.Qc2 O-O 10.Nb3 Qa4 11.Bd3 b6 12.O-O Bxc3 13.bxc3 Ba6 14.f3 Rfe8 15.
Rae1 Bxd3 16.Qxd3 Qxa2 17.Nd2 Qa3 18.e4 h6 19.Be3 Nf8 20.e5 N6d7 21.f4 Nh7
22.f5 f6 23.e6 Nb8 24.Bf4 Qa6 25.Qg3 Kh8 26.Qg6 Qc8 27.Rf3 Qd8 28.e7 Qd7 
29.Rg3 Ng5 30.Bxg5 fxg5 31.f6 gxf6 32.Qxf6+ 1-0

[Event "VII Festival A"]
[Site "Trieste ITA"]
[Date "2005.09.03"]
[Round "1"]
[White "Zufic, Miroslav"]
[Black "Plani, Andrea"]
[Result "1-0"]
[WhiteElo "2391"]
[BlackElo "1775"]
[PlyCount "85"]
[EventDate "2005.09.03"]

1.e4 e5 2.Nf3 Nc6 3.Bb5 f5 4.d3 fxe4 5.dxe4 Bc5 6.O-O d6 7.Nc3 Nf6 8.Bg5 
h6 9.Bxf6 Qxf6 10.Nd5 Qf7 11.b4 Bb6 12.a4 Bg4 13.a5 Bxf3 14.Qxf3 Bd4 15.a6
Qxf3 16.axb7 Qxf2+ 17.Rxf2 Bxf2+ 18.Kf1 O-O 19.bxa8=Q Rxa8 20.Bxc6 Rf8 21.
Ke2 Bh4 22.g3 Bd8 23.Rxa7 h5 24.Nxc7 Kh7 25.Ne6 Rg8 26.b5 Bb6 27.Rb7 Ba5 
28.Bd5 Rc8 29.Rxg7+ Kh6 30.c4 Re8 31.Rf7 Rg8 32.Rf6+ Rg6 33.Rf8 Kh7 34.
Rf7+ Kh8 35.Rf5 Rh6 36.h4 Bb6 37.Ng5 Kg7 38.Rf7+ Kg6 39.Be6 Rh8 40.Bf5+ 
Kh6 41.Ne6 Bd8 42.Nxd8 Rxd8 43.Rh7# 1-0

[Event "VII Festival A"]
[Site "Trieste ITA"]
[Date "2005.09.04"]
[Round "2"]
[White "Borgo, Giulio"]
[Black "Fercec, Nenad"]
[Result "1/2-1/2"]
[WhiteElo "2380"]
[BlackElo "2500"]
[PlyCount "47"]
[EventDate "2005.09.03"]

1.e4 c5 2.Nf3 d6 3.d4 cxd4 4.Nxd4 Nf6 5.f3 e5 6.Bb5+ Nbd7 7.Nf5 d5 8.exd5 
a6 9.Ba4 b5 10.Bb3 Nb6 11.Ne3 Bc5 12.Qd3 O-O 13.Nc3 b4 14.Na4 Nxa4 15.Bxa4
Bd7 16.Bxd7 Qxd7 17.Bd2 e4 18.fxe4 Rfe8 19.e5 Rxe5 20.O-O-O Rae8 21.Nc4 
Rxd5 22.Qf3 Ne4 23.Rhe1 Qe6 24.Qb3 1/2-1/2

[Event "VII Festival A"]
[Site "Trieste ITA"]
[Date "2005.09.04"]
[Round "2"]
[White "Bosiocic, Marko"]
[Black "Efimov, Igor"]
[Result "0-1"]
[WhiteElo "2121"]
[BlackElo "2401"]
[PlyCount "100"]
[EventDate "2005.09.03"]

1.d4 Nf6 2.Nf3 d6 3.h3 c5 4.c3 Qa5 5.Nbd2 g6 6.Nb3 Qc7 7.Bf4 b6 8.e3 Bg7 
9.Be2 O-O 10.O-O Nbd7 11.Bh2 Bb7 12.a4 e5 13.dxe5 Nxe5 14.Nxe5 dxe5 15.Nd2
Rad8 16.Qc2 Qe7 17.Nc4 Nd5 18.Qb3 Bc6 19.Rfd1 h5 20.Bf3 e4 21.Be2 h4 22.
Rd2 Kh7 23.Rad1 Qe6 24.Nd6 Nxc3 25.Bc4 Bxa4 26.Bxe6 Bxb3 27.Bxb3 Nxd1 28.
Bxd1 b5 29.Rd5 Rfe8 30.Bc2 Re6 31.Rxc5 Rexd6 32.Bxd6 Rxd6 33.Rxb5 f5 34.
Rb7 Rc6 35.Bd1 Rc1 36.Rd7 Kh6 37.b3 a5 38.Kf1 Bc3 39.Ke2 Rb1 40.Rc7 Rb2+ 
41.Kf1 Rb1 42.Ke2 Rb2+ 43.Kf1 Rd2 44.Be2 Bb4 45.f3 exf3 46.Bxf3 Rd3 47.e4 
Rxb3 48.exf5 gxf5 49.Ra7 Rb2 50.Be2 Rb1+ 0-1

[Event "VII Festival A"]
[Site "Trieste ITA"]
[Date "2005.09.04"]
[Round "2"]
[White "Brunello, Marina"]
[Black "Punteri, Marco"]
[Result "0-1"]
[WhiteElo "1667"]
[BlackElo "1985"]
[PlyCount "46"]
[EventDate "2005.09.03"]

1.e4 c5 2.Nf3 Nc6 3.d4 cxd4 4.Nxd4 g6 5.c4 Bg7 6.Be3 Nf6 7.Nc3 O-O 8.Be2 
d6 9.O-O Bd7 10.h3 a6 11.f4 Rc8 12.g4 Na5 13.f5 Nxc4 14.Bxc4 Rxc4 15.Qb3 
b5 16.g5 Nxe4 17.f6 Nxf6 18.gxf6 Bxf6 19.Rad1 Bxh3 20.Rf2 Qd7 21.Nde2 Bh4 
22.Rh2 Qg4+ 23.Kh1 Qf3+ 0-1

[Event "VII Festival A"]
[Site "Trieste ITA"]
[Date "2005.09.04"]
[Round "2"]
[White "Cedriano, Filippo"]
[Black "Grobovsek, Ivan"]
[Result "1-0"]
[WhiteElo "2005"]
[BlackElo "2000"]
[PlyCount "65"]
[EventDate "2005.09.03"]

1.Nf3 Nf6 2.c4 g6 3.Nc3 Bg7 4.d4 d6 5.e4 O-O 6.Be2 e5 7.d5 c5 8.O-O a6 9.
Ne1 Ne8 10.Be3 f5 11.f3 f4 12.Bf2 g5 13.a3 h5 14.b4 b6 15.Na4 Nf6 16.bxc5 
bxc5 17.Rb1 Nbd7 18.Nd3 Qe8 19.g3 Qg6 20.gxf4 gxf4+ 21.Kh1 Kh8 22.Rg1 Qh6 
23.Bh4 Nh7 24.Nb6 Rb8 25.Nxc8 Rfxc8 26.Qa4 Ndf8 27.Qxa6 Ra8 28.Qb7 Bf6 29.
Qf7 Ng5 30.Bxg5 Bxg5 31.h4 Qf6 32.Qxh5+ Bh6 33.Rb7 1-0

[Event "VII Festival A"]
[Site "Trieste ITA"]
[Date "2005.09.04"]
[Round "2"]
[White "Costariol, Elena"]
[Black "Batic, Aleksander"]
[Result "0-1"]
[WhiteElo "1605"]
[BlackElo "1855"]
[PlyCount "110"]
[EventDate "2005.09.03"]

1.e4 c6 2.d4 d5 3.e5 Bf5 4.Nc3 Nd7 5.Be3 e6 6.g4 Bg6 7.h4 h5 8.g5 Qb6 9.
Rb1 Bb4 10.Ne2 c5 11.a3 cxd4 12.Bxd4 Bc5 13.Bxc5 Qxc5 14.f4 Ne7 15.Nd4 a6 
16.Bh3 Nc6 17.Nxc6 Qxc6 18.Rf1 Nb6 19.f5 exf5 20.Bxf5 Bxf5 21.Rxf5 Qe6 22.
Rf2 g6 23.Qf3 O-O 24.Qf6 Rfe8 25.Qxe6 Rxe6 26.Re2 Rae8 27.Kf2 Rxe5 28.Rxe5
Rxe5 29.Rd1 Kf8 30.Kf3 Ke7 31.Kf4 Rf5+ 32.Kg3 f6 33.gxf6+ Kxf6 34.b3 g5 
35.a4 g4 36.a5 Rf3+ 37.Kg2 Rxc3 38.axb6 Rxc2+ 39.Kg3 Rc3+ 40.Kg2 Ke5 41.
Re1+ Kf4 42.b4 Rc2+ 43.Kg1 Rb2 44.Rd1 Ke4 45.Re1+ Kf3 46.Rf1+ Kg3 47.Rd1 
Rxb4 48.Rd3+ Kxh4 49.Rxd5 Rxb6 50.Rd3 Rb2 51.Ra3 g3 52.Re3 Kh3 53.Re1 a5 
54.Kf1 Kh2 55.Re5 g2+ 0-1

[Event "VII Festival A"]
[Site "Trieste ITA"]
[Date "2005.09.04"]
[Round "2"]
[White "Cozzarin, Davide"]
[Black "Bevilacqua, Andrea"]
[Result "0-1"]
[WhiteElo "1646"]
[BlackElo "1978"]
[PlyCount "116"]
[EventDate "2005.09.03"]

1.c4 f5 2.b3 Nf6 3.Bb2 e6 4.Nf3 Be7 5.g3 O-O 6.Bg2 Nc6 7.O-O Ne4 8.Nc3 Bf6
9.Qc1 Nxc3 10.Bxc3 d6 11.d4 e5 12.dxe5 Nxe5 13.Nd4 Re8 14.e3 Rb8 15.Rd1 
Qe7 16.Qc2 g6 17.Qb2 Qg7 18.Rac1 Bd7 19.Bd5+ Kh8 20.Ne2 Ng4 21.Bxf6 Nxf6 
22.Bg2 Be6 23.Nd4 Ne4 24.Qa1 a6 25.Nxe6 Qxa1 26.Rxa1 Rxe6 27.Bxe4 Rxe4 28.
Rac1 Rbe8 29.c5 dxc5 30.Rxc5 R8e7 31.Rcd5 Kg7 32.Rd7 Kf7 33.Kf1 Rxd7 34.
Rxd7+ Re7 35.Rd8 Ke6 36.Ke2 c5 37.Kd3 Rc7 38.a4 Ke7 39.Rh8 Kd6 40.e4 c4+ 
41.bxc4 fxe4+ 42.Kd4 Rf7 43.Kxe4 Kc5 44.f4 Kxc4 45.Rd8 Re7+ 46.Kf3 b5 47.
axb5 axb5 48.Rb8 b4 49.g4 b3 50.f5 gxf5 51.gxf5 Re5 52.Kg4 Rb5 53.Rc8+ Kd5
54.Rc1 b2 55.Rb1 Ke5 56.Kg5 h6+ 57.Kxh6 Kxf5 58.h4 Kg4 0-1

[Event "VII Festival A"]
[Site "Trieste ITA"]
[Date "2005.09.04"]
[Round "2"]
[White "De Val, Daniele"]
[Black "Gyorkos, Lajos"]
[Result "1-0"]
[WhiteElo "2155"]
[BlackElo "2424"]
[PlyCount "103"]
[EventDate "2005.09.03"]

1.d4 Nf6 2.c4 c5 3.d5 b5 4.cxb5 a6 5.b6 d6 6.Nc3 Nbd7 7.a4 Qxb6 8.a5 Qb4 
9.Ra4 Qb8 10.e4 g6 11.f4 Bg7 12.Nf3 O-O 13.Bc4 Ne8 14.O-O Nc7 15.Qe2 e6 
16.e5 Bb7 17.dxe6 Nxe6 18.Rd1 Nd4 19.Nxd4 cxd4 20.Rxd4 Nc5 21.Rxd6 Nxa4 
22.Nxa4 Qc7 23.Be3 Qxa5 24.Nc5 Bc8 25.Nxa6 Bg4 26.Qd2 Qxd2 27.Rxd2 Be6 28.
Bxe6 fxe6 29.Rd6 g5 30.g3 gxf4 31.Bxf4 Kf7 32.Nc7 Ra1+ 33.Kg2 Rb8 34.Rd7+ 
Kg6 35.Nxe6 Bf8 36.Bd2 Bb4 37.Be3 Re8 38.Nf4+ Kf5 39.e6 Be7 40.Kf3 Rf1+ 
41.Bf2 h6 42.Rd5+ Kf6 43.Kg2 Rxf2+ 44.Kxf2 Rb8 45.Rd2 Kf5 46.Re2 Rb5 47.
Ke3 Rb8 48.Kd3 Bd6 49.Nd5 Be5 50.e7 Re8 51.b4 Rb8 52.Rxe5+ 1-0

[Event "VII Festival A"]
[Site "Trieste ITA"]
[Date "2005.09.04"]
[Round "2"]
[White "Devetak, Robert"]
[Black "Tonel, Giulia"]
[Result "1/2-1/2"]
[WhiteElo "1539"]
[BlackElo "1793"]
[PlyCount "103"]
[EventDate "2005.09.03"]

1.e4 e5 2.Nf3 Nc6 3.Bc4 Bc5 4.c3 Nf6 5.d3 d6 6.O-O O-O 7.h3 a6 8.Bb3 Ba7 
9.Re1 Na5 10.Bc2 c5 11.Nbd2 b5 12.Nf1 Nc6 13.Be3 Re8 14.Ng3 d5 15.Bg5 d4 
16.Nh5 dxc3 17.bxc3 b4 18.c4 Qd6 19.Bxf6 gxf6 20.Ba4 Kh8 21.Nh4 Bb6 22.Qf3
Bd8 23.Bxc6 Qxc6 24.Nf5 Bxf5 25.Qxf5 Qe6 26.Qxe6 fxe6 27.f4 exf4 28.Nxf4 
Bc7 29.Rf1 Be5 30.Rad1 Kg7 31.Rf3 Kf7 32.Ne2 Rad8 33.Nc1 Bd4+ 34.Kh1 Ke7 
35.Nb3 Rd6 36.Nxd4 Rxd4 37.Kg1 a5 38.Kf2 a4 39.Rb1 Rb8 40.Ke2 Rd6 41.Kd2 
Rg8 42.g3 Rg6 43.Kc2 Rh6 44.h4 Rg6 45.Rbf1 e5 46.Rg1 Rd8 47.Rgf1 Rd6 48.
Rg1 Rg8 49.Rgf1 Rb6 50.Rb1 Kf7 51.Re3 Rg6 52.Rf3 1/2-1/2

[Event "VII Festival A"]
[Site "Trieste ITA"]
[Date "2005.09.04"]
[Round "2"]
[White "Drazic, Sinisa"]
[Black "Ramesa, Davor"]
[Result "0-1"]
[WhiteElo "2497"]
[BlackElo "2172"]
[PlyCount "116"]
[EventDate "2005.09.03"]

1.d4 Nf6 2.Bg5 e6 3.e3 d5 4.Nf3 Nbd7 5.c4 c6 6.Nbd2 Be7 7.Rc1 O-O 8.Bd3 h6
9.Bh4 c5 10.O-O b6 11.Qe2 Bb7 12.Rfd1 cxd4 13.Nxd4 Nc5 14.Bb1 Rc8 15.f3 a5
16.cxd5 Nxd5 17.Bf2 Ba6 18.Nc4 Bg5 19.f4 Bf6 20.g3 Bxd4 21.Rxd4 f5 22.Qd1 
Bxc4 23.Rcxc4 Qf6 24.Qc1 Rcd8 25.Be1 e5 26.Rd1 exf4 27.exf4 Rfe8 28.Bf2 
Ne4 29.Rc6 Qf7 30.a3 Nxf2 31.Kxf2 Qh5 32.Re1 Qxh2+ 33.Kf3 Qh5+ 34.Kf2 Qh2+
35.Kf3 Ne3 36.Ba2+ Kh8 37.Rxe3 Rxe3+ 38.Kxe3 Qxg3+ 39.Ke2 Qg2+ 40.Ke3 Qg3+
41.Ke2 Qg2+ 42.Ke3 Re8+ 43.Be6 Qe4+ 44.Kf2 Rxe6 45.Rxe6 Qxe6 46.Qc7 Kh7 
47.Qb8 Qf6 48.Kg3 Qxb2 49.Qd6 Qc3+ 50.Kg2 Qe3 51.Kh2 Qc5 52.Qb8 b5 53.Kg2 
b4 54.axb4 axb4 55.Kg3 Qc3+ 56.Kh4 b3 57.Qb5 Qc2 58.Qxf5+ Qxf5 0-1

[Event "VII Festival A"]
[Site "Trieste ITA"]
[Date "2005.09.04"]
[Round "2"]
[White "Grudina, Marco"]
[Black "Gergolet, Jan"]
[Result "1/2-1/2"]
[WhiteElo "1853"]
[BlackElo "1575"]
[PlyCount "50"]
[EventDate "2005.09.03"]

1.e4 c5 2.Nf3 d6 3.d4 cxd4 4.Nxd4 Nf6 5.Nc3 a6 6.Bg5 g6 7.Bxf6 exf6 8.Qd2 
Bg7 9.Be2 O-O 10.O-O-O Qc7 11.Nd5 Qc5 12.b4 Qa7 13.Nc7 Rd8 14.Nxa8 Qxa8 
15.Nb3 Nc6 16.Nd4 Nxd4 17.Qxd4 f5 18.Qe3 fxe4 19.Qxe4 Bf5 20.Qd5 Be6 21.
Qd2 Qc8 22.Kb1 Bc3 23.Qf4 Be5 24.Qd2 Bc3 25.Qf4 Be5 1/2-1/2

[Event "VII Festival A"]
[Site "Trieste ITA"]
[Date "2005.09.04"]
[Round "2"]
[White "Jovanic, Ognjen"]
[Black "Trtanj, Tina"]
[Result "1-0"]
[WhiteElo "2447"]
[BlackElo "2137"]
[PlyCount "59"]
[EventDate "2005.09.03"]

1.d4 d5 2.c4 c6 3.Nc3 Nf6 4.e3 a6 5.Qc2 e6 6.Nf3 Nbd7 7.b3 c5 8.Bd3 Bd6 9.
Bb2 O-O 10.O-O b6 11.cxd5 exd5 12.Ne2 Bb7 13.Ng3 g6 14.Rad1 Qe7 15.Rfe1 
Rfe8 16.Qe2 Rac8 17.Ba1 cxd4 18.Nxd4 Bb4 19.Rf1 Nc5 20.Qf3 Nfe4 21.Qg4 Bc3
22.Ndf5 Qf6 23.Bxe4 Nxe4 24.Nh6+ Kh8 25.Nxe4 Rxe4 26.Qd7 Re7 27.Bxc3 Rxc3 
28.Qd8+ Kg7 29.Ng8 Qe6 30.Qxe7 1-0

[Event "VII Festival A"]
[Site "Trieste ITA"]
[Date "2005.09.04"]
[Round "2"]
[White "Landa, Konstantin"]
[Black "Bosiocic, Marin"]
[Result "1-0"]
[WhiteElo "2609"]
[BlackElo "2381"]
[PlyCount "95"]
[EventDate "2005.09.03"]

1.e4 e5 2.Nf3 Nc6 3.Bb5 a6 4.Ba4 Nf6 5.O-O Be7 6.Re1 b5 7.Bb3 O-O 8.a3 Bb7
9.Nc3 d6 10.d3 Nb8 11.Ne2 Nbd7 12.Ng3 Nc5 13.Ba2 Nfd7 14.c3 Ne6 15.d4 Bf6 
16.Be3 Re8 17.Qd2 g6 18.d5 Ng7 19.Bh6 Be7 20.c4 Nf6 21.h3 Kh8 22.Rac1 Qd7 
23.Rc3 Ng8 24.Rec1 Bd8 25.cxb5 axb5 26.Bb1 Bc8 27.Bd3 Rf8 28.Rb3 Rb8 29.a4
b4 30.Bb5 Qe7 31.Rxb4 Nxh6 32.Qxh6 Bd7 33.Rcc4 Bxb5 34.Rxb5 Rxb5 35.axb5 
f5 36.exf5 Nxf5 37.Nxf5 Rxf5 38.Qe3 Kg7 39.Qd3 Qf7 40.Re4 h5 41.Kf1 Rf4 
42.Ke2 Qf5 43.Rxf4 Qxf4 44.Nd2 Qb4 45.b3 Bg5 46.Ne4 Kh6 47.Qc4 Qa3 48.g3 
1-0